000 00498pam a2200193 a 4500
020 _c
040 _aDental College lib
041 _aeng
_heng
082 _a617.645
_bSTE
100 _aStephen , Wei .
245 _aPediatic Dentistry Total Patient care /
_c.
_hTextual Documents
260 _aPhiladelphia :
_blea & Febiger ,
_c1988.
300 _a260 ;
_c.
365 _a178.25
653 _aPedodontics
930 _a1328
999 _c40731
_d40731